00544nam a2200193Ia 4500008004100000041001200041082001200053100002800065245005500093260003300148300000700181365000700188520001100195546001200206630005500218650001100273655001100284730005500295101110s9999 xx 000 0 und d aMARATHI bSR27648 aKshyap Mangesh (Anuvad) aAarogyasathi yog yogshatrache shashtrashudha niyam c2005bMehta Publishing, Pune a94 b80 aSports aMARATHI aAarogyasathi yog yogshatrache shashtrashudha niyam aSports aSports aAarogyasathi yog yogshatrache shashtrashudha niyam